000 00500nam a2200181Ia 4500
008 090124s9999 xx 000 0 und d
082 _b10914
_a1075
100 _aकाणेकर अनंत
245 _a विजेची वेल
250 _a1
260 _c1960
300 _a126
600 _aकाणेकर अनंत
630 _a विजेची वेल
700 _aकाणेकर अनंत
730 _a विजेची वेल
942 _cBOOK
999 _c125061
_d125061